[Event "Wch FIDE Online U14 Girls Asia qual"]
[Site "Tornelo INT"]
[Date "2020.12.12"]
[Round "3"]
[White "Kalkanova, Tomiris"]
[Black "Kriti, Mayur Patel"]
[Result "0-1"]
[WhiteElo "1105"]
[BlackElo "1394"]
[PlyCount "56"]
[EventDate "2020.12.11"]
[EventType "swiss (rapid)"]
[EventRounds "7"]
[EventCountry "ISS"]
[SourceTitle "EXT 2022"]
[Source "ChessBase"]
[SourceDate "2021.10.06"]
[SourceVersion "1"]
[SourceVersionDate "2021.10.06"]
[SourceQuality "1"]

1. e4 e5 2. Nf3 Nc6 3. Nc3 Nf6 4. d4 exd4 5. Nxd4 Bb4 6. Nxc6 bxc6 7. Qd4 Bxc3+ 8. Qxc3 0-0 9. e5 Ne4 10. Qd4 d5 11. f3 Ng5 12. Bd3 Ne6 13. Qf2 c5 14. c4 c6 15. Qg3 g6 16. 0-0 dxc4 17. Be2 Nd4 18. Bd1 Bf5 19. Bg5 Qb6 20. Qh4 Qxb2 21. Ba4 Bd3 22. Rfe1 Qb4 23. Bd1 Nf5 24. Qf2 c3 25. Bc2 Bxc2 26. Qxc2 Nd4 27. Qd3 c2 28. Bd2 Qb6 0-1